Statistics for Among Us Logic Characters

Click here to take the quiz!

General Stats

  • This quiz has been taken 531 times
    (257 since last reset)
  • The average score is 21 of 44

Answer Stats

Premiere EpisodeName% Correct
Episode 1Player
95%
Episode 1Mr. Cheese
92%
Episode 1TheGentleman
91%
Episode 1Stoner
82%
Episode 1Captain
82%
Episode 1Angel
79%
Episode 3Veteran
78%
Episode 3Mr. Egg
74%
Episode 2Mother
72%
Episode 1Bday
69%
Episode 1Ninja
68%
Episode 1Rose
66%
Episode 1Sheriff
65%
Episode 2Bro
64%
Episode 7Blue
63%
Episode 2Goober
62%
Episode 3Gnome
62%
Episode 2Poopyfarts96
61%
Episode 3Engineer
58%
Hacking Security CamsDum
57%
Episode 13Not Orange
48%
Episode 14Ms. Pink
46%
Episode 4Greaser
45%
The Legend of NovisorAiden
39%
Episode 16Noob
38%
Episode 14SirClogsworth
38%
Episode 6Mr. Pumpkin
38%
Episode 4Pirate
37%
Episode 11MrTree
37%
Episode 2Franklyn
36%
Episode 2Timmy
35%
Episode 13Monster
34%
Episode 5Cub
32%
Episode 11Freezy
26%
Episode 10TheGentlebot
26%
Episode 11Mr. Present
24%
Episode 13Bone
20%
Episode 14NE Patriots (x5)
20%
Episode 4Leader
20%
Episode 11Grinch
15%
Episode 6Bill
15%
The Legend of NovisorDunkin
7%
Episode 17Mr. Mean Chef
5%
Hacking Security CamsNiel Armstrong
2%

Score Distribution

Percentile by Number Answered

Percent of People with Each Score

Your Score History

You have not taken this quiz since the last reset